Selección española 2024 - Estadísticas

Estadísticas generales
  • Esta prueba ha sido intentada 229 veces
  • La puntuación promedio es 12 de 15
Estadísticas de respuestas
Hint Respuesta % Correcto
DEL Lamine Yamal
95%
POR Unai Simón
95%
DEL Morata
94%
DEF Carvajal
90%
DEL Nico Williams
90%
MED Pedri
90%
DEF Cucurella
83%
DEF Laporte
82%
MED Rodri
82%
DEF Le normand
77%
POR Raya
74%
MED Olmo
72%
MED Fabián
71%
DEL Oyarzabal
70%
MED Gavi
65%
No se encontraron pruebas coincidentes
Distribución de puntuación
Porcentaje de gente con cada puntuación
Porcentaje por número respondido
Historial de tus puntuaciones
No has intentado esta prueba.